Argentina y la gran guerra
Sin noticieros cinematográficos ni televisión, el modo de informarse sobre la Gran Guerra era a través de los periódicos. Un análisis de la guerra y de los profundos cambios que generó en las distintas naciones que participaron, según los medios gráficos argentinos de la época. El tratamiento que tu...
Guardado en:
| Autor Principal: | |
|---|---|
| Autores Corporativos: | , |
| Otros Autores: | , , |
| Formato: | |
| Idioma: | Undetermined |
| Publicado: |
Buenos Aires,
2014.
|
| Materias: | |
| Acceso en línea: | http://encuentro.gob.ar/programas/serie/8605/6708?temporada=1 |
| Etiquetas: |
Agregar Etiqueta
Sin Etiquetas, Sea el primero en etiquetar este registro!
|
| LEADER | 01711ngm a22003255a 4500 | ||
|---|---|---|---|
| 001 | CEM.cems019735 | ||
| 008 | 221012s2014####ag#---############vlund#d | ||
| 005 | 20221012200444.0 | ||
| 245 | 1 | 0 | |a Argentina y la gran guerra |h [videograbación] / |c Franco Meconi. |
| 260 | |a Buenos Aires, |c 2014. | ||
| 300 | |a 26'. | ||
| 520 | |a Sin noticieros cinematográficos ni televisión, el modo de informarse sobre la Gran Guerra era a través de los periódicos. Un análisis de la guerra y de los profundos cambios que generó en las distintas naciones que participaron, según los medios gráficos argentinos de la época. El tratamiento que tuvo el tema en revistas, publicaciones semanales y diarios. | ||
| 505 | 0 | |a 01. Argentina en la tormenta del mundo -- 02. Intelectuales argentinos y trincheras europeas -- 03. Noticias de la Guerra y la revolución -- 04. El mundo después de la guerra -- Duración aproximada por capítulo 26 minutos. Duración total aproximada: 1 hora 45 minutos | |
| 538 | |a Soporte: DVD -- Formato: AVI -- Peso: 0.98gb -- Resolución: 720 x 480 -- 25fps | ||
| 590 | |a Identificación anterior: D 199 | ||
| 100 | 1 | |a Meconi, Franco. | |
| 700 | 1 | |a Trómboli, Javier; Conducción y contenido. | |
| 700 | 1 | |a Sainz, Cecilia; Guión. | |
| 700 | 1 | |a Sticotti, Joaquín; Contenido. | |
| 710 | 2 | |a Canal Encuentro. | |
| 710 | 2 | |a El Hilo. | |
| 653 | |a HISTORIA | ||
| 653 | |a HISTORIA MUNDIAL | ||
| 653 | |a SIGLO XX | ||
| 653 | |a ARGENTINA | ||
| 653 | |a PRIMERA GUERRA MUNDIAL | ||
| 653 | |a MEDIOS GRÁFICOS | ||
| 653 | |a MEDIOS MASIVOS | ||
| 856 | |u http://encuentro.gob.ar/programas/serie/8605/6708?temporada=1 | ||
| 859 | |a CEMS |b BIB. CEMS - Depto. Recursos Didacticos |h 982.06 |i MEC |k DRS |p 2905.22 |t Ej.1 | ||
